000 00593nam a22001937a 4500
005 20251108165231.0
008 250721s1988 xx 000 0 ara d
082 1 4 _a629.271/أحم
100 1 _aناصيف، أحمد
245 1 0 _aمجموعات كهرباء السيارات /
250 _aط2
264 1 _aدمشق :
_bدار الكتاب العربي،
_c1988.
300 _a166ص : رسومات
490 0 _aالسلسلة العلمية المبسطة
650 1 7 _aالسيارات
650 1 7 _aالتجهيزات الكهربائية
942 _2ddc
_cBK
999 _c22814
_d22814